000 01538nam a2200229Ia 4500
999 _c36425
_d36425
001 2339
003 GE_BSU
005 20190528153248.0
008 181216s2011||||ge |||||||||||||| ||geo||
040 _cGE_BSU
041 _ageo
080 _a7 ხ–40
245 _bტ. 4 : კონფერენციის მასალები.
_aხელოვნებათმცოდნეობითი ეტიუდები = Studies in art criticism /
_cრედ. მ. ჭიჭილეიშვილი ; ტომის რედ. ე. მესხია; საქ. განათლებისა და მეცნ. სამინ. ; შ. რუსთაველის სახელმწ. უნ-ტის ჰუმანიტ. მეცნიერებათა ფაკულტ., ხელოვნების ფაკულტეტი.
264 _aბათუმი;
_bხელოვნების უნ–ტი,
_c2011
300 _a170 გვ.;
_b20 სმ.
653 _a ხელოვნებათმცოდნეობა
700 _aჭიჭილეიშვილი, მაია
_eრედაქტორი
_91723
700 _aმესხია, ერმილე
_eრედაქტორი
_91724
710 _aსაქ. კულტურისა და ძეგლთა დაცვის სამინისტრო
_91460
710 _aბათუმის ხელოვნების სასწავლო უნ-ტი
_91725
942 _cBK
_2udc